=LDR 00000nam 2200000 4500 =001 INLIS000000000005587 =005 20251017013558 =035 ##$$a 0010-1025000642 =007 ta =008 251017###########################0#ind## =082 ##$$a 363.96 =084 ##$$a 363.96 DEW e =100 #$$a Dewa Nyoman Wirawan =245 1#$$a Evaluasi Akhir Penelitian Operasional KB Mandiri Pedesaan Propinsi Bali /$c Badan Koordinasi Keluarga Berencana Nasional =260 ##$$a Bali :$b Badan Koordinasi Keluarga Berencana Nasional,$c 1991 =300 ##$$a 25 Hal : $b Ilus ; $c 21 =650 #4$$a Keluarga Berencana =856 ##$$a Perpustakaan Kemendukbangga